000 00269nam a2200133Ia 4500
008 230312s9999||||xx |||||||||||||| ||und||
082 _a005.74
_bORA
245 0 _aOracle 8
260 _bOracle
300 _a22-32
546 _aEng.
650 _aComputer
942 _cBK
999 _c3019
_d3019